Catálogo

ANUARIO DE LOS HECHOS 1992 (Registro nro. 7983)

Detalles MARC
000 -LEADER
fixed length control field 00390nam a2200157 a 4500
001 - CONTROL NUMBER
control field 7983
005 - DATE AND TIME OF LATEST TRANSACTION
control field 20180713191905.0
008 - FIXED-LENGTH DATA ELEMENTS--GENERAL INFORMATION
fixed length control field 140415s1992 mx 000 0 spa d
041 ## - LANGUAGE CODE
Language code of text/sound track or separate title spa
082 ## - DEWEY DECIMAL CLASSIFICATION NUMBER
Classification number 036.106
Item number DIF
245 00 - TITLE STATEMENT
Title ANUARIO DE LOS HECHOS 1992
250 ## - EDITION STATEMENT
Edition statement 1a ed.
260 ## - PUBLICATION, DISTRIBUTION, ETC.
Place of publication, distribution, etc. MEXICO :
Name of publisher, distributor, etc. DIFUSORA INTERNACIONAL,
Date of publication, distribution, etc. 1992
300 ## - PHYSICAL DESCRIPTION
Extent 509
650 14 - SUBJECT ADDED ENTRY--TOPICAL TERM
Topical term or geographic name entry element ANUARIOS
Existencias
Withdrawn status Lost status Source of classification or shelving scheme Damaged status Not for loan Collection code Home library Current library Shelving location Date acquired Source of acquisition Inventory number Total Checkouts Full call number Barcode Date last seen Price effective from Koha item type
    Dewey Decimal Classification     Referencia Biblioteca Karol Wojtyla Biblioteca Karol Wojtyla Área de silencio 03/12/2013 Compra 151000000000000000071530   '036.106 DIF 21450 05/01/2026 03/12/2013 Libro R